000 00270nam a2200121Ia 4500
005 20250423101258.0
008 250422s9999 xx 000 0 und d
020 _a0-8151-49441
245 4 _aThe Harriet Lane Handbook
260 _bMosby
260 _c1996
942 _cBK
999 _c35831
_d35831